Field crops: production and management vol. II (Record no. 252942)
[ view plain ]
| 000 -LEADER | |
|---|---|
| fixed length control field | 00474nam a22001577a 4500 |
| 020 ## - INTERNATIONAL STANDARD BOOK NUMBER | |
| International Standard Book Number | 9788120418004 |
| 041 ## - LANGUAGE CODE | |
| Language code of text/sound track or separate title | English |
| 082 ## - DEWEY DECIMAL CLASSIFICATION NUMBER | |
| Classification number | 633 |
| Item number | SRI/FI |
| 100 ## - MAIN ENTRY--PERSONAL NAME | |
| Personal name | Srinivasan Jeyaraman |
| 245 ## - TITLE STATEMENT | |
| Title | Field crops: production and management vol. II |
| 260 ## - PUBLICATION, DISTRIBUTION, ETC. (IMPRINT) | |
| Place of publication, distribution, etc. | New Delhi |
| Name of publisher, distributor, etc. | Oxford & IBH Publishing Co. PVT.LTD |
| Date of publication, distribution, etc. | 2017 |
| 300 ## - PHYSICAL DESCRIPTION | |
| Extent | 584p. |
| 365 ## - TRADE PRICE | |
| Price amount | Rs.595/- (2vol.) |
| 650 ## - SUBJECT ADDED ENTRY--TOPICAL TERM | |
| Topical term or geographic name as entry element | Oilseeds, groundnut, sesame, cotton, sugarcane, fibre crops,aromatic crops, |
| 942 ## - ADDED ENTRY ELEMENTS (KOHA) | |
| Koha item type | Books (General) |
| Withdrawn status | Lost status | Damaged status | Not for loan | Home library | Current library | Shelving location | Date acquired | Cost, normal purchase price | Total Checkouts | Full call number | Barcode | Date last seen | Date checked out | Price effective from | Koha item type |
|---|---|---|---|---|---|---|---|---|---|---|---|---|---|---|---|
| College of Agriculture, Vellanikkara | College of Agriculture, Vellanikkara | 29/05/2017 | 595.00 | 8 | 633 SRI/FI | KAU-COA-32621 | 06/08/2019 | 22/07/2019 | 29/05/2017 | Books (General) |
